000 00601nam a2200205Ia 4500
003 GCL
008 140319s9999 xx 000 0 ara d
040 _aGCL /
_cGCL
082 0 4 _a818
_bع ع
100 1 _aعبدالوهاب مطاوع
245 1 0 _aالعيون الحمراء /
_cعبدالوهاب مطاوع
260 _a[S.N] :
_bالدار المصرية اللبنانية ،
_c1994
300 _a236 ص
490 _a
650 0 4 _aالقصص العربية
650 0 4 _aالمقالات
650 0 4 _aالقصة العربية
650 0 4 _aتاريخ ونقد
942 _2ddc
_cBK
999 _c31972
_d31972